Statistics for #1 The Periodic Table Song (2018 Update) Lyrics

Click here to take the quiz!

General Stats

  • This quiz has been taken 9 times
  • The average score is 40 of 68

Answer Stats

Answer% Correct
periodic
100%
table
100%
the
88%
the
88%
the
88%
the
88%
And
75%
And
75%
and
75%
and
75%
and
75%
and
75%
And
75%
Beryllium
75%
Boron
75%
Carbon
75%
elements
75%
Fluorine
75%
Helium
75%
Hydrogen
75%
Lithium
75%
Nitrogen
75%
of
75%
Oxygen
75%
so
75%
so
75%
Argon
63%
Calcium
63%
for
63%
for
63%
Neon
63%
Silicon
63%
Sodium
63%
There's
63%
to
63%
air
50%
all
50%
AsapSCIENCE
50%
breathe
50%
can
50%
Chlorine
50%
everywhere
50%
light
50%
(Phosphorus
50%
presents
50%
pretty
50%
salty
50%
Sulfur)
50%
teeth
50%
through
50%
times
50%
up
50%
With
50%
you
50%
your
50%
grow
38%
now
38%
(Potassium)
38%
signs
38%
strong
38%
then
38%
Then
38%
you'll
38%
Chromium
25%
(Scandium)
25%
Titanium
25%
Manganese
13%
Vanadium
13%

Score Distribution

Percentile by Number Answered

Percent of People with Each Score

Your Score History

You have not taken this quiz